[Event "THA-ch"]
[Site "Bangkok"]
[Date "2020.02.07"]
[Round "4"]
[White "Kongsee, Uaychai"]
[Black "Sajjapornthep, Jarunpol"]
[Result "0-1"]
[WhiteElo "2249"]
[BlackElo "1869"]
[PlyCount "127"]
[EventDate "2020.02.06"]
[EventType "swiss"]
[EventRounds "9"]
[EventCountry "THA"]
[SourceTitle "CBM 195 Extra"]
[Source "ChessBase"]
[SourceDate "2020.05.31"]
[SourceVersion "1"]
[SourceVersionDate "2020.05.31"]
[SourceQuality "1"]

1. e4 d6 2. d4 Nf6 3. Nc3 c6 4. Nge2 Nbd7 5. g3 e5 6. Bg2 Be7 7. h3 0-0 8. g4 Qa5 9. 0-0 b5 10. Ng3 g6 11. Bd2 Qb6 12. g5 Ne8 13. d5 Bb7 14. Be3 c5 15. Qd2 Ng7 16. f4 exf4 17. Bxf4 Ne5 18. b3 Rae8 19. Nd1 Bc8 20. a4 b4 21. Ne3 Qd8 22. h4 f6 23. Rad1 Ba6 24. Rf2 Bc8 25. Bf1 fxg5 26. Bxe5 Rxf2 27. Qxf2 gxh4 28. Ngf5 gxf5 29. Bxg7 Kxg7 30. e5 dxe5 31. Nxf5+ Bxf5 32. Qxf5 Qd6 33. Rd2 h6 34. Bd3 Rg8 35. Rf2 Kh8+ 36. Kf1 Rg7 37. Qh5 Bg5 38. Qe8+ Rg8 39. Qf7 Qe7 40. d6 Qxf7 41. Rxf7 Rd8 42. d7 Kg8 43. Rh7 Rf8+ 44. Kg2 Rf7 45. Rxh6 Rxd7 46. Rc6 Be3 47. Kf3 Bd4 48. Kg4 Re7 49. Be4 Bf2 50. Kf5 Kg7 51. Rg6+ Kf7 52. Bd5+ Ke8 53. Kf6 Kd8 54. Rg8+ Re8 55. Rg7 e4 56. Rxa7 Bd4+ 57. Kf7 Re5 58. Be6 e3 59. Rd7+ Kc8 60. Bg4 Kb8 61. Be2 Rf5+ 62. Ke6 Rf6+ 63. Kd5 Rh6 64. Rg7 0-1

[Event "THA-ch"]
[Site "Bangkok"]
[Date "2020.02.06"]
[Round "1"]
[White "Burbach, Brunel Baron"]
[Black "Kongsee, Uaychai"]
[Result "0-1"]
[WhiteElo "1780"]
[BlackElo "2249"]
[PlyCount "86"]
[EventDate "2020.02.06"]
[EventType "swiss"]
[EventRounds "9"]
[EventCountry "THA"]
[SourceTitle "CBM 195 Extra"]
[Source "ChessBase"]
[SourceDate "2020.05.31"]
[SourceVersion "1"]
[SourceVersionDate "2020.05.31"]
[SourceQuality "1"]

1. e4 c5 2. Nf3 d6 3. Bb5+ Nd7 4. 0-0 Ngf6 5. Re1 a6 6. Bf1 b5 7. c3 Bb7 8. d3 e6 9. Bg5 Be7 10. Nbd2 0-0 11. d4 Rc8 12. Bd3 e5 13. d5 Nxd5 14. exd5 Bxg5 15. Nxg5 Qxg5 16. Ne4 Qe7 17. c4 bxc4 18. Bxc4 Nb6 19. b3 f5 20. Nc3 e4 21. a4 Qe5 22. Qd2 Qd4 23. Rad1 Nxc4 24. Qc1 Nd2 25. Rxd2 Qb4 26. Re3 Rce8 27. Qc2 Re5 28. Na2 Qa5 29. Qd1 f4 30. Re1 Rff5 31. Qc2 Rxd5 32. Nc3 Rd4 33. Rde2 d5 34. f3 Rg5 35. h4 Rg3 36. Nb1 Bc6 37. Rf1 c4 38. bxc4 Qc5 39. cxd5 Rc4+ 40. Rff2 Rxc2 41. Rxc2 Qxd5 42. Rfd2 Qe6 43. fxe4 Bxe4 0-1

[Event "Pattaya op"]
[Site "Pattaya"]
[Date "2018.10.29"]
[Round "7"]
[White "Kongsee, Uaychai"]
[Black "Pourramezanali, Amirreza"]
[Result "1-0"]
[WhiteElo "2245"]
[BlackElo "2533"]
[PlyCount "113"]
[EventDate "2018.10.24"]
[EventType "swiss"]
[EventRounds "9"]
[EventCountry "THA"]
[SourceTitle "CBM 187 Extra"]
[Source "ChessBase"]
[SourceDate "2018.11.04"]
[SourceVersion "1"]
[SourceVersionDate "2018.11.04"]
[SourceQuality "1"]

1. e4 c6 2. d4 d5 3. Nc3 dxe4 4. Nxe4 Nf6 5. Nxf6+ exf6 6. c3 Bd6 7. Bd3 0-0 8. Qc2 h6 9. Ne2 Re8 10. Be3 Nd7 11. 0-0-0 Nf8 12. Kb1 Be6 13. Nf4 Bxf4 14. Bxf4 b5 15. Rhg1 a5 16. g4 a4 17. Be4 Qd7 18. f3 Bd5 19. h4 Ng6 20. Bf5 Qd8 21. Bxg6 fxg6 22. Qxg6 Bf7 23. Qf5 Be6 24. Qh5 Qd5 25. Qxd5 Bxd5 26. g5 Bxf3 27. Rdf1 Be4+ 28. Kc1 Kh7 29. gxf6 gxf6 30. Rg3 Ra7 31. Re1 Rae7 32. Rge3 Kg6 33. Kd2 Re6 34. h5+ Kg7 35. Rg1+ Kh7 36. Reg3 R8e7 37. a3 Bf5 38. Be3 Rf7 39. Rg6 Rxe3 40. Kxe3 Re7+ 41. Kf4 Bxg6 42. Rxg6 Re2 43. Rxf6 Rxb2 44. Rxc6 Kg7 45. Ke5 Kf7 46. Rc7+ Ke8 47. d5 Rh2 48. Rh7 Rh3 49. Rxh6 Rxc3 50. Rh8+ Kd7 51. h6 Rxa3 52. h7 Rh3 53. Ra8 a3 54. h8Q Rxh8 55. Rxh8 b4 56. Rh7+ Kc8 57. Ra7 1-0

[Event "Pattaya op"]
[Site "Pattaya"]
[Date "2018.10.27"]
[Round "5"]
[White "Kongsee, Uaychai"]
[Black "Nguyen, Huynh Minh Huy"]
[Result "0-1"]
[WhiteElo "2245"]
[BlackElo "2410"]
[PlyCount "112"]
[EventDate "2018.10.24"]
[EventType "swiss"]
[EventRounds "9"]
[EventCountry "THA"]
[SourceTitle "CBM 187 Extra"]
[Source "ChessBase"]
[SourceDate "2018.11.04"]
[SourceVersion "1"]
[SourceVersionDate "2018.11.04"]
[SourceQuality "1"]

1. e4 c5 2. Nf3 d6 3. d4 cxd4 4. Qxd4 Nc6 5. Bb5 Bd7 6. Qd3 g6 7. c4 Bg7 8. Nc3 Nf6 9. h3 Nb4 10. Qe2 a6 11. Bxd7+ Nxd7 12. 0-0 Rc8 13. Bg5 Bxc3 14. bxc3 Nc6 15. c5 Nxc5 16. e5 dxe5 17. Nxe5 Ne6 18. Bh6 Qd5 19. f4 f5 20. Nf3 Qe4 21. Qb2 Ncd8 22. c4 Rg8 23. Rfe1 Qc6 24. Ne5 Qc5+ 25. Kh1 Qc7 26. Rad1 Nc5 27. Nd3 Ne4 28. Bg7 Ne6 29. Be5 Qc6 30. Kh2 N6c5 31. Nb4 Qb6 32. Qa3 Kf7 33. Nd5 Qc6 34. Qa5 Qa4 35. Qxa4 Nxa4 36. Rb1 Nac5 37. Rb6 Rgd8 38. Bd4 e6 39. Bxc5 Nxc5 40. Ne3 Rd2 41. Nf1 Rd4 42. Kg3 Rxc4 43. Nd2 Rc3+ 44. Nf3 Rc6 45. Rbb1 Rd6 46. Kh4 Kf6 47. Red1 Rxd1 48. Rxd1 Nd3 49. Kg3 h6 50. h4 b5 51. h5 gxh5 52. Rh1 e5 53. fxe5+ Nxe5 54. Rxh5 Nxf3 55. gxf3 Kg6 56. Rh2 Kg5 0-1

[Event "Olympiad-42"]
[Site "Baku"]
[Date "2016.09.09"]
[Round "7.1"]
[White "Arenas Vanegas, David"]
[Black "Kongsee, Uaychai"]
[Result "1-0"]
[WhiteElo "2490"]
[BlackElo "2285"]
[PlyCount "77"]
[EventDate "2016.09.02"]
[EventType "team-swiss"]
[EventRounds "11"]
[EventCountry "AZE"]
[SourceTitle "CBM 175"]
[Source "ChessBase"]
[SourceDate "2016.11.10"]
[SourceVersion "1"]
[SourceVersionDate "2016.11.10"]
[SourceQuality "1"]
[WhiteTeam "Colombia"]
[BlackTeam "Thailand"]
[WhiteTeamCountry "COL"]
[BlackTeamCountry "THA"]

1. e4 c5 2. Nf3 d6 3. d4 cxd4 4. Nxd4 Nf6 5. Nc3 a6 6. Bg5 e6 7. f4 h6 8. Bh4 Be7 9. Qf3 Nbd7 10. 0-0-0 Qc7 11. Be2 b5 12. Bxf6 Nxf6 13. e5 Bb7 14. Qg3 dxe5 15. fxe5 Nd5 16. Nxe6 fxe6 17. Qg6+ Kd7 18. Bg4 Qxe5 19. Nxd5 Qg5+ 20. Qxg5 Bxg5+ 21. Kb1 Kc6 22. Bxe6 Rhe8 23. Bg4 Rad8 24. Bf3 Rf8 25. h4 Rxf3 26. gxf3 Bxh4 27. Rxh4 Rxd5 28. Rg1 Rd6 29. f4 Bc8 30. Kc1 g6 31. Rxh6 Bf5 32. Rg5 Rf6 33. Rxf5 Rxf5 34. Rxg6+ Kd5 35. Rg5 Ke4 36. Rxf5 Kxf5 37. Kd2 Kxf4 38. Kc3 Ke3 39. a4 1-0

[Event "THA pre olympic qual"]
[Site "Bangkok"]
[Date "2016.05.20"]
[Round "6"]
[White "Kongsee, Uaychai"]
[Black "Sajjapornthep, Jarunpol"]
[Result "1-0"]
[WhiteElo "2248"]
[BlackElo "1868"]
[PlyCount "127"]
[EventDate "2016.05.14"]
[EventType "swiss"]
[EventRounds "9"]
[EventCountry "THA"]
[SourceTitle "CBM 172 Extra"]
[Source "ChessBase"]
[SourceDate "2016.06.21"]
[SourceVersion "1"]
[SourceVersionDate "2016.06.21"]
[SourceQuality "1"]

1. e4 e5 2. Nc3 Nf6 3. f4 d6 4. Nf3 Bg4 5. h3 Bxf3 6. Qxf3 Nbd7 7. Bc4 a6 8. a4 Be7 9. d3 c6 10. a5 0-0 11. 0-0 Kh8 12. f5 Ne8 13. Be3 Bg5 14. Bf2 Nc7 15. Na4 Nb5 16. c3 Nf6 17. Nb6 Rb8 18. h4 Bf4 19. g3 Bh6 20. g4 Bf4 21. g5 Nd7 22. Rad1 Qe7 23. Nxd7 Qxd7 24. d4 Qe7 25. Rfe1 Rbd8 26. Kg2 Nc7 27. b4 Nb5 28. Bb3 Nc7 29. Rd3 Rd7 30. c4 Rfd8 31. d5 cxd5 32. exd5 Qf8 33. Be3 Bxe3 34. Rdxe3 f6 35. g6 h6 36. Ba4 Re7 37. Qe4 Qg8 38. Rc1 Ne8 39. Kf3 Nc7 40. h5 Rc8 41. Rc2 Qd8 42. Rec3 Kg8 43. Re3 Kh8 44. Re1 Qg8 45. Qh4 Qd8 46. Ke4 Qg8 47. Rec1 Qd8 48. Qf2 Ne8 49. Qb6 Kg8 50. c5 Rd7 51. Qxd8 Rdxd8 52. Bxe8 Rxe8 53. cxd6 Rcd8 54. Rc7 Rxd6 55. Rxb7 Red8 56. Rc5 Kf8 57. Rb6 Ke7 58. Rc7+ R8d7 59. Rxd7+ Rxd7 60. Rxa6 Rb7 61. Rb6 Rxb6 62. axb6 Kd7 63. Kd3 Kc8 64. d6 1-0

[Event "THA pre olympic qual"]
[Site "Bangkok"]
[Date "2016.05.15"]
[Round "4"]
[White "Kongsee, Uaychai"]
[Black "Teerapabpaisit, Wisuwat"]
[Result "1/2-1/2"]
[WhiteElo "2248"]
[BlackElo "2233"]
[PlyCount "74"]
[EventDate "2016.05.14"]
[EventType "swiss"]
[EventRounds "9"]
[EventCountry "THA"]
[SourceTitle "CBM 172 Extra"]
[Source "ChessBase"]
[SourceDate "2016.06.21"]
[SourceVersion "1"]
[SourceVersionDate "2016.06.21"]
[SourceQuality "1"]

1. e4 c5 2. Nf3 e6 3. d4 cxd4 4. Nxd4 a6 5. Nc3 b5 6. Bd3 Qb6 7. Be3 Bc5 8. Be2 Nc6 9. Nxc6 Bxe3 10. fxe3 Qxc6 11. Qd4 f6 12. a4 bxa4 13. Rxa4 Ne7 14. Bf3 e5 15. Qd2 d6 16. 0-0 0-0 17. Raa1 Bb7 18. Nd5 Nxd5 19. Qxd5+ Qxd5 20. exd5 f5 21. e4 g6 22. g3 Rf7 23. Ra4 Rd7 24. c4 Kf8 25. Kf2 Ke7 26. Ke3 Bc8 27. Rb4 Rb7 28. Rxb7+ Bxb7 29. b4 Rc8 30. Kd3 Kd7 31. Rb1 Re8 32. b5 axb5 33. Rxb5 Kc7 34. Ra5 Kb6 35. Rb5+ Kc7 36. Ra5 Kb6 37. Rb5+ Kc7 1/2-1/2

[Event "THA pre olympic qual"]
[Site "Bangkok"]
[Date "2016.05.15"]
[Round "3"]
[White "Kulpruethanon, Thanadon"]
[Black "Kongsee, Uaychai"]
[Result "1/2-1/2"]
[WhiteElo "2215"]
[BlackElo "2248"]
[PlyCount "39"]
[EventDate "2016.05.14"]
[EventType "swiss"]
[EventRounds "9"]
[EventCountry "THA"]
[SourceTitle "CBM 172 Extra"]
[Source "ChessBase"]
[SourceDate "2016.06.21"]
[SourceVersion "1"]
[SourceVersionDate "2016.06.21"]
[SourceQuality "1"]

1. Nf3 f5 2. g3 Nf6 3. Bg2 g6 4. 0-0 Bg7 5. c4 0-0 6. Nc3 d6 7. d4 Qe8 8. Re1 Qf7 9. e4 fxe4 10. Nxe4 Qxc4 11. Nxf6+ Bxf6 12. Bh6 Re8 13. Ne5 Qb4 14. a3 Qb6 15. Be3 c6 16. Ng4 Bg7 17. Nh6+ Kh8 18. Nf7+ Kg8 19. Nh6+ Kh8 20. Nf7+ 1/2-1/2

[Event "THA-chT"]
[Site "Bangkok"]
[Date "2015.12.12"]
[Round "8.2"]
[White "Sajjapornthep, Jarunpol"]
[Black "Kongsee, Uaychai"]
[Result "0-1"]
[WhiteElo "1864"]
[BlackElo "2258"]
[PlyCount "44"]
[EventDate "2015.12.04"]
[EventType "team-swiss"]
[EventRounds "9"]
[EventCountry "THA"]
[SourceTitle "CBM 170 Extra"]
[Source "ChessBase"]
[SourceDate "2016.02.25"]
[SourceVersion "1"]
[SourceVersionDate "2016.02.25"]
[SourceQuality "1"]
[WhiteTeam "SamutPrakarn Bangapi"]
[BlackTeam "Khuntongkum"]
[WhiteTeamCountry "THA"]
[BlackTeamCountry "THA"]

1. e4 c5 2. Nf3 d6 3. d4 cxd4 4. Nxd4 Nf6 5. Nc3 a6 6. Be3 e5 7. Nb3 Be6 8. Be2 Be7 9. f3 Nbd7 10. Qd2 b5 11. g4 Nb6 12. Bxb6 Qxb6 13. h4 0-0 14. h5 b4 15. Na4 Qc6 16. Qxb4 Rfb8 17. Qa3 Nxe4 18. fxe4 Qxe4 19. Rg1 Bh4+ 20. Kd1 Bxb3 21. axb3 Qd4+ 22. Kc1 Qxg1+ 0-1

[Event "THA-chT"]
[Site "Bangkok"]
[Date "2015.12.06"]
[Round "5.2"]
[White "Stokke, Kjetil"]
[Black "Kongsee, Uaychai"]
[Result "1-0"]
[WhiteElo "2364"]
[BlackElo "2258"]
[PlyCount "77"]
[EventDate "2015.12.04"]
[EventType "team-swiss"]
[EventRounds "9"]
[EventCountry "THA"]
[SourceTitle "EXT 2017"]
[Source "ChessBase"]
[SourceDate "2016.10.25"]
[SourceVersion "1"]
[SourceVersionDate "2016.10.25"]
[SourceQuality "1"]
[WhiteTeam "Din Daeng"]
[BlackTeam "Khuntongkum"]
[WhiteTeamCountry "THA"]
[BlackTeamCountry "THA"]

1. g3 f5 2. Bg2 Nf6 3. c4 g6 4. Nc3 Bg7 5. d3 d6 6. e4 Nc6 7. Nge2 0-0 8. 0-0 e5 9. Nd5 h6 10. h3 Be6 11. Be3 Qd7 12. exf5 gxf5 13. f4 e4 14. Nec3 exd3 15. Qxd3 Ne4 16. Kh2 Rae8 17. Nxe4 fxe4 18. Qd2 Ne7 19. Rad1 c6 20. Nxe7+ Qxe7 21. b3 d5 22. cxd5 cxd5 23. f5 Rxf5 24. Rxf5 Bxf5 25. Qxd5+ Qf7 26. Qxf7+ Kxf7 27. g4 Be6 28. Kg3 a5 29. Kf4 a4 30. Bxe4 axb3 31. axb3 h5 32. gxh5 Bh6+ 33. Kf3 Bxe3 34. Bg6+ Ke7 35. Bxe8 Kxe8 36. Kxe3 Bxb3 37. Rg1 Kf8 38. h6 Bc2 39. Kd4 1-0

[Event "THA-ch"]
[Site "Bangkok"]
[Date "2015.11.08"]
[Round "6"]
[White "Kongsee, Uaychai"]
[Black "Pitirotjirathon, Jirapak"]
[Result "1/2-1/2"]
[WhiteElo "2241"]
[BlackElo "2238"]
[PlyCount "64"]
[EventDate "2015.11.06"]
[EventType "swiss"]
[EventRounds "9"]
[EventCountry "THA"]
[SourceTitle "CBM 169 Extra"]
[Source "ChessBase"]
[SourceDate "2015.12.18"]
[SourceVersion "1"]
[SourceVersionDate "2015.12.18"]
[SourceQuality "1"]

1. e4 e6 2. d4 d5 3. Nc3 Bb4 4. e5 Ne7 5. Bd2 c5 6. Nb5 Bxd2+ 7. Qxd2 0-0 8. f4 Nbc6 9. Nf3 a6 10. Nd6 Nxd4 11. Nxd4 cxd4 12. Bd3 Qb6 13. 0-0-0 Bd7 14. Qf2 f5 15. g4 Nc8 16. Nxc8 Raxc8 17. gxf5 exf5 18. Rhg1 Be6 19. Kb1 Qc5 20. Rg3 Rf7 21. Rdg1 Rcc7 22. Rh3 g6 23. Rhg3 Rg7 24. h4 a5 25. Qg2 Qf8 26. Rg5 Qe7 27. Qf2 Qc5 28. Qg2 Qf8 29. Qf2 Qc5 30. Qg2 Qf8 31. Qf2 Qc5 32. Qg2 Qf8 1/2-1/2

[Event "Yangon Zaw Win Lay Memorial"]
[Site "Yangon"]
[Date "2014.11.29"]
[Round "9"]
[White "Kongsee, Uaychai"]
[Black "Sajjapornthep, Jarunpol"]
[Result "1-0"]
[WhiteElo "2269"]
[BlackElo "1880"]
[PlyCount "87"]
[EventDate "2014.11.24"]
[EventType "swiss"]
[EventRounds "9"]
[EventCountry "MYA"]
[SourceTitle "EXT 2016"]
[Source "ChessBase"]
[SourceDate "2015.10.08"]
[SourceVersion "1"]
[SourceVersionDate "2015.10.08"]
[SourceQuality "1"]

1. f4 g6 2. Nf3 Bg7 3. e4 c5 4. g3 Nc6 5. Bg2 d6 6. Nc3 Nf6 7. d3 Nd4 8. Nxd4 cxd4 9. Ne2 Qb6 10. c3 Bg4 11. Qa4+ Nd7 12. Nxd4 Bxd4 13. Qxd4 Qxd4 14. cxd4 Nb6 15. a4 a5 16. d5 Bc8 17. Be3 Nd7 18. Rc1 Kd8 19. Ke2 Rb8 20. Ba7 Ra8 21. Bd4 Re8 22. Rc2 Rb8 23. Rhc1 b6 24. Bh3 Nc5 25. Bxc8 Rxc8 26. Bxc5 Rxc5 27. d4 Rxc2+ 28. Rxc2 Kd7 29. Rc3 Rc8 30. Kd3 Rb8 31. Kc4 e6 32. dxe6+ fxe6 33. Kb5 e5 34. fxe5 dxe5 35. d5 Rf8 36. Rc2 Rf3 37. Kxb6 Re3 38. Kxa5 Rxe4 39. b4 Rd4 40. b5 Rxd5 41. Kb6 e4 42. a5 e3 43. Re2 Rd3 44. Kb7 1-0

[Event "Hong Kong op"]
[Site "Hong Kong"]
[Date "2014.10.04"]
[Round "7"]
[White "Li, Xinyu"]
[Black "Kongsee, Uaychai"]
[Result "0-1"]
[WhiteElo "1709"]
[BlackElo "2253"]
[PlyCount "118"]
[EventDate "2014.10.01"]
[EventType "swiss"]
[EventRounds "9"]
[EventCountry "HKG"]
[SourceTitle "CBM 162 Extra"]
[Source "ChessBase"]
[SourceDate "2014.10.17"]
[SourceVersion "1"]
[SourceVersionDate "2014.10.17"]
[SourceQuality "1"]

1. d4 Nf6 2. c4 g6 3. Nc3 Bg7 4. e4 d6 5. Nf3 0-0 6. Be2 e5 7. dxe5 dxe5 8. Qxd8 Rxd8 9. Bg5 Re8 10. 0-0-0 h6 11. Bh4 Na6 12. Rhe1 Nc5 13. Nd2 c6 14. f3 a5 15. Bf2 Bf8 16. Kc2 a4 17. b3 axb3+ 18. axb3 Be6 19. Ra1 Nfd7 20. Kb2 Na6 21. Na4 Red8 22. Red1 f5 23. Nb6 Rab8 24. Nxd7 Rxd7 25. Bb6 Rf7 26. Rf1 Bb4 27. Ba5 Rd7 28. Bxb4 Nxb4 29. Kc3 c5 30. Rfd1 Rf8 31. Rf1 Rd4 32. Ra7 Rfd8 33. Rd1 R8d7 34. Raa1 Kg7 35. exf5 gxf5 36. Nf1 f4 37. Kb2 Bf5 38. Kc3 Kg6 39. Rdc1 h5 40. Ra8 Bd3 41. Bxd3+ Rxd3+ 42. Kb2 Rd1 43. Rca1 Nd3+ 44. Kc3 Ne1 45. Rxd1 Rxd1 46. Rg8+ Kf5 47. Rf8+ Ke6 48. Re8+ Kf6 49. Rf8+ Kg5 50. Re8 Kf6 51. Rf8+ Ke7 52. Rf5 Ke6 53. Rxh5 Rd3+ 54. Kb2 Nxg2 55. Rh6+ Kf5 56. Rh5+ Kf6 57. Rh6+ Kg5 58. Rh8 Rd1 59. Rg8+ Kf6 0-1

[Event "Hong Kong op"]
[Site "Hong Kong"]
[Date "2014.10.03"]
[Round "5"]
[White "Chong, Chor Yuen"]
[Black "Kongsee, Uaychai"]
[Result "0-1"]
[WhiteElo "2022"]
[BlackElo "2253"]
[PlyCount "82"]
[EventDate "2014.10.01"]
[EventType "swiss"]
[EventRounds "9"]
[EventCountry "HKG"]
[SourceTitle "CBM 162 Extra"]
[Source "ChessBase"]
[SourceDate "2014.10.17"]
[SourceVersion "1"]
[SourceVersionDate "2014.10.17"]
[SourceQuality "1"]

1. e4 c5 2. Nf3 d6 3. d4 cxd4 4. Nxd4 Nf6 5. Nc3 a6 6. Be3 e5 7. Nb3 Be6 8. f3 Nbd7 9. Qd2 b5 10. 0-0-0 Rc8 11. Kb1 Be7 12. g4 Nb6 13. Bxb6 Qxb6 14. g5 Nh5 15. Bd3 0-0 16. Ne2 g6 17. Rhg1 f6 18. Ng3 Nxg3 19. gxf6 Rxf6 20. Rxg3 Rcf8 21. Qh6 R8f7 22. h4 Qf2 23. Rdg1 Bf8 24. Qg5 Rxf3 25. Rxf3 Rxf3 26. h5 Bh6 27. Qg2 Qxg2 28. Rxg2 Rh3 29. Rg1 Rxh5 30. Nc1 Rh2 31. a3 Be3 32. Re1 Bd2 33. Rg1 Be3 34. Re1 Bf2 35. Rf1 g5 36. Be2 Be3 37. Bd3 Bh3 38. Re1 Bf2 39. Rd1 g4 40. a4 g3 41. axb5 axb5 0-1

[Event "Hong Kong op"]
[Site "Hong Kong"]
[Date "2014.10.03"]
[Round "6"]
[White "Kongsee, Uaychai"]
[Black "Llaneza Vega, Marcos"]
[Result "0-1"]
[WhiteElo "2253"]
[BlackElo "2428"]
[PlyCount "40"]
[EventDate "2014.10.01"]
[EventType "swiss"]
[EventRounds "9"]
[EventCountry "HKG"]
[SourceTitle "CBM 162 Extra"]
[Source "ChessBase"]
[SourceDate "2014.10.17"]
[SourceVersion "1"]
[SourceVersionDate "2014.10.17"]
[SourceQuality "1"]

1. e4 c5 2. Nf3 Nf6 3. Nc3 Nc6 4. d4 cxd4 5. Nxd4 e5 6. Ndb5 d6 7. Bg5 a6 8. Na3 b5 9. Nd5 Qa5+ 10. Bd2 Qd8 11. Bg5 Be7 12. Bxf6 Bxf6 13. c4 0-0 14. cxb5 Nd4 15. bxa6 Bg5 16. Nc2 Bg4 17. Qd3 Rc8 18. Nxd4 Qa5+ 19. Nc3 exd4 20. Qb5 dxc3 0-1

[Event "Hong Kong op"]
[Site "Hong Kong"]
[Date "2014.10.02"]
[Round "3"]
[White "Laylo, Darwin"]
[Black "Kongsee, Uaychai"]
[Result "1-0"]
[WhiteElo "2498"]
[BlackElo "2253"]
[PlyCount "57"]
[EventDate "2014.10.01"]
[EventType "swiss"]
[EventRounds "9"]
[EventCountry "HKG"]
[SourceTitle "CBM 162 Extra"]
[Source "ChessBase"]
[SourceDate "2014.10.17"]
[SourceVersion "1"]
[SourceVersionDate "2014.10.17"]
[SourceQuality "1"]

1. d4 Nf6 2. Nf3 e6 3. c4 Bb4+ 4. Nbd2 b6 5. a3 Bxd2+ 6. Qxd2 Bb7 7. g3 0-0 8. Bg2 c5 9. 0-0 cxd4 10. Qxd4 Nc6 11. Qd3 d5 12. cxd5 Qxd5 13. Qxd5 Nxd5 14. Re1 Rfd8 15. b4 f6 16. Bb2 e5 17. Rac1 Nde7 18. Nxe5 fxe5 19. b5 Na5 20. Bxb7 Nxb7 21. Rc7 Rd2 22. Rxb7 Rxb2 23. Rxe7 Rxb5 24. Rd1 Kh8 25. Rdd7 Rg8 26. Rxa7 h5 27. a4 Rc5 28. h4 Kh7 29. Rab7 1-0

[Event "Olympiad-41"]
[Site "Tromsoe"]
[Date "2014.08.09"]
[Round "7.1"]
[White "Kongsee, Uaychai"]
[Black "Chumfwa, Stanley"]
[Result "1-0"]
[WhiteElo "2251"]
[BlackElo "2317"]
[PlyCount "150"]
[EventDate "2014.08.02"]
[EventType "team-swiss"]
[EventRounds "11"]
[EventCountry "NOR"]
[SourceTitle "CBM 162"]
[Source "ChessBase"]
[SourceDate "2014.09.17"]
[SourceVersion "1"]
[SourceVersionDate "2014.09.17"]
[SourceQuality "1"]
[WhiteTeam "Thailand"]
[BlackTeam "Zambia"]
[WhiteTeamCountry "THA"]
[BlackTeamCountry "ZAM"]

1. e4 c5 2. Nf3 d6 3. Bb5+ Bd7 4. Bxd7+ Qxd7 5. c4 Nc6 6. Nc3 Nf6 7. 0-0 g6 8. d4 cxd4 9. Nxd4 Bg7 10. Nde2 0-0 11. f3 e6 12. Bg5 a6 13. a4 Qc7 14. b3 Qa5 15. Bh4 Rfd8 16. Rc1 Rd7 17. Be1 Qd8 18. Nf4 Ne7 19. Kh1 Ne8 20. Bf2 Nc7 21. Nd3 Qb8 22. a5 d5 23. Nc5 Rd8 24. N3a4 dxc4 25. Nd7 Rxd7 26. Qxd7 Nc6 27. Rxc4 Nb5 28. Nb6 Ne5 29. Rc8+ Qxc8 30. Qxc8+ Rxc8 31. Nxc8 Nc6 32. Rd1 Bc3 33. Rd7 Nxa5 34. f4 Nxb3 35. Rxb7 Nd2 36. e5 g5 37. g3 gxf4 38. gxf4 Ne4 39. Be3 Kg7 40. Kg2 Bb4 41. Rb6 Bc5 42. Bxc5 Nxc5 43. Nd6 Nd4 44. Kf2 a5 45. Nb7 Ncb3 46. Ra6 Kg6 47. Nxa5 Nc5 48. Ra7 Nb5 49. Re7 Nd4 50. Rc7 Ne4+ 51. Ke3 Nb5 52. Rb7 Nec3 53. Nc6 Nd5+ 54. Kf3 Ndc3 55. Rd7 h5 56. Rb7 Na3 57. Nd8 f6 58. Nxe6 fxe5 59. Nf8+ Kf6 60. Nd7+ Ke6 61. Nxe5 Nab5 62. Rb6+ Kd5 63. Ke3 Nd6 64. Rb8 Ke6 65. Kf3 Ncb5 66. Rh8 Nd4+ 67. Ke3 N4f5+ 68. Kd3 Ng7 69. Rh6+ Kd5 70. Nd7 Nb7 71. Nb6+ Kc5 72. Na4+ Kd5 73. Nc3+ Kc5 74. Ne4+ Kd5 75. Rh7 Ne6 1-0

[Event "Olympiad-41"]
[Site "Tromsoe"]
[Date "2014.08.08"]
[Round "6.2"]
[White "Kongsee, Uaychai"]
[Black "Sanchez, Jorge Luis"]
[Result "1-0"]
[WhiteElo "2251"]
[BlackElo "2090"]
[PlyCount "59"]
[EventDate "2014.08.02"]
[EventType "team-swiss"]
[EventRounds "11"]
[EventCountry "NOR"]
[SourceTitle "CBM 162"]
[Source "ChessBase"]
[SourceDate "2014.09.17"]
[SourceVersion "1"]
[SourceVersionDate "2014.09.17"]
[SourceQuality "1"]
[WhiteTeam "Thailand"]
[BlackTeam "Panama"]
[WhiteTeamCountry "THA"]
[BlackTeamCountry "PAN"]

1. e4 d6 2. d4 Nf6 3. Nc3 g6 4. f3 a6 5. Be3 b5 6. Qd2 Nbd7 7. g4 Nb6 8. h4 h5 9. g5 Nfd7 10. b3 Bg7 11. Nge2 Bb7 12. Bg2 Rc8 13. 0-0 0-0 14. f4 c5 15. f5 Qc7 16. dxc5 dxc5 17. Rad1 Rfd8 18. Nf4 Nf8 19. Ncd5 Nxd5 20. exd5 c4 21. Qf2 Rd6 22. fxg6 fxg6 23. Bh3 cxb3 24. cxb3 e5 25. Rc1 Qd8 26. Nxh5 gxh5 27. Qf7+ Kh8 28. Qxh5+ Nh7 29. Bxc8 Bxc8 30. g6 1-0

[Event "Olympiad-40"]
[Site "Istanbul"]
[Date "2012.09.09"]
[Round "11.4"]
[White "Kongsee, Uaychai"]
[Black "Lim, Zhuo Ren"]
[Result "0-1"]
[WhiteElo "2273"]
[BlackElo "2120"]
[PlyCount "116"]
[EventDate "2012.08.28"]
[EventType "team-swiss"]
[EventRounds "11"]
[EventCountry "TUR"]
[SourceTitle "CBM 151"]
[Source "ChessBase"]
[SourceDate "2012.11.13"]
[SourceVersion "1"]
[SourceVersionDate "2012.11.13"]
[SourceQuality "1"]
[WhiteTeam "Thailand"]
[BlackTeam "Malaysia"]
[WhiteTeamCountry "THA"]
[BlackTeamCountry "MAS"]

1. e4 c5 2. Nf3 d6 3. c3 Nf6 4. Be2 Nc6 5. d3 g6 6. 0-0 Bg7 7. Nbd2 0-0 8. Re1 Qc7 9. Bf1 d5 10. h3 e5 11. Nb3 b6 12. Bg5 d4 13. Rc1 Bb7 14. Qd2 Rac8 15. cxd4 cxd4 16. Nh2 Ne8 17. Be2 f6 18. Bh6 Bxh6 19. Qxh6 Qg7 20. Qd2 Nd6 21. f4 a5 22. fxe5 fxe5 23. Bg4 Rce8 24. a4 Nb4 25. Rf1 Rxf1+ 26. Rxf1 Bc6 27. Ra1 Qf7 28. Bd1 Rf8 29. Nc1 Kh8 30. Bb3 Qf6 31. Nf3 Kg7 32. Kh2 h6 33. Kg1 Bd7 34. Kh2 Nb7 35. Ne2 Nc5 36. Bc4 Bxa4 37. Rc1 Qd6 38. Ng3 Bc6 39. Ne1 b5 40. Bd5 Bxd5 41. exd5 Nb3 42. Ne4 Qb6 43. Qd1 Nxc1 44. Qxc1 Nxd5 45. Nf3 Nf6 46. Nxf6 Rxf6 47. Qc8 Qd6 48. Kh1 Qc6 49. Qb8 Rxf3 50. gxf3 Qxf3+ 51. Kh2 Qe2+ 52. Kg1 Qxd3 53. Qxe5+ Kf7 54. Qd5+ Kf6 55. Qd6+ Kf5 56. Qf8+ Ke4 57. Qe7+ Kf3 58. Qf6+ Ke2 0-1